000 00448nmm a2200157Ia 4500
008 251105s9999||||xx |||||||||||||||||und||
020 _a8484296040
041 _aspa
100 _aColl Salvador, César
245 0 _aLa construcción del conocimiento en la escuela
264 _a[Madrid, España] :
_bUOC Papers,
_c2002
300 _a72 páginas
650 _aEducation
856 _uhttps://public.digitaliapublishing.com/a/5743
942 _cCF
999 _c73760
_d73760